00450nam a22001697a 4500003000500000005001700005008004100022040001900063082001200082100001500094245004300109260002800152300002500180538003400205650001500239856002600254Nust20170526161516.0131220b xxu||||| |||| 00| 0 eng d aDLCbDLCcRCMS a070 KHA aA.R.Khalid aFun-e-khabr newese (Urdu)cKhalid,A.R. aLahorebMaktaba Karwan  a144,p:bill:c22,cm. iShelf # 13, Row # 3, Fiction. aJournalism 3Table of Content Only